| 000 | 00449cam a2200169ua 4500 | ||
|---|---|---|---|
| 020 | _c2.75 | ||
| 041 |
_amal _h |
||
| 082 |
_a894.812 803 55 _bKRI/UN |
||
| 100 | _aKrishna Warrier, N.V. | ||
| 245 |
_aUnarunna Uthara India / _cN V Krishna Warrier. _hTextual Documents |
||
| 260 |
_aKottayam : _bSahitya Pravarthaka Co-operative Society , _c1964. |
||
| 300 | _a223 ; . | ||
| 365 | _a2.75 | ||
| 504 | _a | ||
| 942 | _cBK | ||
| 999 |
_c4708 _d4708 |
||